La colección de publicaciones periódicas del centro de documentación del CSUCA, su importancia, su acceso y su utilización

Guardat en:
Dades bibliogràfiques
Autor principal: Zeledón, Lilliana
Format: Text
Publicat: San José: CSUCA
Etiquetes: Afegir etiqueta
Sense etiquetes, Sigues el primer a etiquetar aquest registre!

MARC

LEADER 00000 a a2200000 04500
001 21730
003
040
090 |a 097200  
100 |a Zeledón, Lilliana  
245 |a La colección de publicaciones periódicas del centro de documentación del CSUCA, su importancia, su acceso y su utilización  
260 |a San José:   |b CSUCA  
300 |a s.p.  
999 |c 10406  |d 10406